[Event "CRO Cup"]
[Site "Vodice"]
[Date "2022.05.18"]
[Round "1.2"]
[White "Kozul, Zdenko"]
[Black "Brigljevic, Milan"]
[Result "1-0"]
[WhiteElo "2621"]
[BlackElo "2211"]
[PlyCount "61"]
[EventDate "2022.05.18"]
[EventType "team-swiss"]
[EventRounds "6"]
[EventCountry "CRO"]
[SourceTitle "CBM 208 Extra"]
[Source "ChessBase"]
[SourceDate "2022.07.31"]
[SourceVersion "1"]
[SourceVersionDate "2022.07.31"]
[SourceQuality "1"]
[WhiteTeam "Zagreb Zagreb"]
[BlackTeam "Sisak"]
[WhiteTeamCountry "CRO"]
[BlackTeamCountry "CRO"]

1. d4 d6 2. Nf3 Bg4 3. c4 c6 4. Nc3 Nd7 5. d5 Ngf6 6. Nd4 c5 7. Nc2 Bf5 8. Ne3 Bg6 9. g3 e5 10. dxe6 fxe6 11. Bh3 Bf7 12. 0-0 Be7 13. Ng2 Nb6 14. Nf4 Qd7 15. b3 0-0 16. e4 Rfe8 17. Bb2 Bd8 18. Nd3 Bh5 19. f3 Bg6 20. Re1 Bc7 21. e5 dxe5 22. Nxe5 Qxd1 23. Raxd1 Bf5 24. g4 Bxe5 25. Rxe5 Nfd7 26. Re2 Bg6 27. Nb5 Rf8 28. Bg2 Rae8 29. Nd6 Re7 30. Nxb7 e5 31. Ba3 1-0

[Event "Belt and Road Hunan op-B"]
[Site "Changsha"]
[Date "2019.08.01"]
[Round "6"]
[White "Brigljevic, Milan"]
[Black "Jiang, Qinyu"]
[Result "1/2-1/2"]
[WhiteElo "2194"]
[BlackElo "2067"]
[PlyCount "56"]
[EventDate "2019.07.29"]
[EventType "swiss"]
[EventRounds "9"]
[EventCountry "CHN"]
[SourceTitle "EXT 2020"]
[Source "ChessBase"]
[SourceDate "2019.10.17"]
[SourceVersion "1"]
[SourceVersionDate "2019.10.17"]
[SourceQuality "1"]

1. e4 c5 2. Nf3 Nc6 3. Bb5 g6 4. 0-0 Bg7 5. c3 e5 6. d3 Nge7 7. Be3 Qb6 8. Na3 0-0 9. b4 d6 10. Nc4 Qc7 11. bxc5 d5 12. exd5 Nxd5 13. Bd2 Nce7 14. d4 a6 15. Ba4 b5 16. Nb6 Nxb6 17. cxb6 Qxb6 18. Bb3 exd4 19. cxd4 a5 20. a3 Bb7 21. Rb1 Bxf3 22. Qxf3 Qxd4 23. Bxf7+ Kh8 24. Rfd1 Qe5 25. Re1 Qd6 26. Rbd1 Qc5 27. Rc1 Qd6 28. Rcd1 Qc5 1/2-1/2

[Event "Belt and Road Hunan op-B"]
[Site "Changsha"]
[Date "2019.07.30"]
[Round "3"]
[White "Janchivnyambuu, Enkhbayar"]
[Black "Brigljevic, Milan"]
[Result "0-1"]
[WhiteElo "2039"]
[BlackElo "2194"]
[PlyCount "78"]
[EventDate "2019.07.29"]
[EventType "swiss"]
[EventRounds "9"]
[EventCountry "CHN"]
[SourceTitle "EXT 2020"]
[Source "ChessBase"]
[SourceDate "2019.10.17"]
[SourceVersion "1"]
[SourceVersionDate "2019.10.17"]
[SourceQuality "1"]

1. d4 Nf6 2. c4 g6 3. Nc3 Bg7 4. e4 d6 5. f3 0-0 6. Be3 Nc6 7. Qd2 a6 8. 0-0-0 Re8 9. h4 Rb8 10. Nh3 e5 11. dxe5 dxe5 12. Qf2 Nd4 13. Bxd4 exd4 14. Rxd4 Qe7 15. Rd1 c6 16. Qe3 Bxh3 17. Rxh3 Rbd8 18. Qe1 Rxd1+ 19. Nxd1 Bh6+ 20. Kb1 Rd8 21. g4 Bf4 22. Nf2 Rd2 23. Nd3 Qd8 24. e5 Rxd3 25. Bxd3 Qxd3+ 26. Ka1 Bxe5 27. Rh1 Qxf3 28. Rf1 Qg2 29. Rf2 Bg3 30. Rxg2 Bxe1 31. Re2 Bxh4 32. Re7 Nxg4 33. Rxb7 Bf2 34. b4 h5 35. Rd7 h4 36. Rd3 Be3 37. a4 h3 38. b5 h2 39. Rd1 cxb5 0-1

[Event "Solta Amateur op"]
[Site "Grohote"]
[Date "2019.06.19"]
[Round "5"]
[White "Lacrosse, Marc"]
[Black "Brigljevic, Milan"]
[Result "0-1"]
[WhiteElo "2207"]
[BlackElo "2181"]
[PlyCount "88"]
[EventDate "2019.06.15"]
[EventType "swiss"]
[EventRounds "9"]
[EventCountry "CRO"]
[SourceTitle "EXT 2020"]
[Source "ChessBase"]
[SourceDate "2019.10.17"]
[SourceVersion "1"]
[SourceVersionDate "2019.10.17"]
[SourceQuality "1"]

1. d4 Nf6 2. c4 g6 3. Nc3 Bg7 4. e4 d6 5. Be2 0-0 6. Nf3 e5 7. Be3 Ng4 8. Bg5 f6 9. Bh4 Nd7 10. 0-0 c6 11. h3 Nh6 12. dxe5 dxe5 13. b4 Qe7 14. c5 Nf7 15. Qb3 Re8 16. Rac1 Nf8 17. Rfd1 Be6 18. Bc4 Bxc4 19. Qxc4 Ne6 20. Rd3 Rad8 21. Rcd1 Rxd3 22. Rxd3 Rd8 23. Rxd8+ Nexd8 24. Nd2 Bh6 25. Nb3 Ne6 26. Qd3 Bg5 27. Bxg5 Nexg5 28. b5 Ne6 29. Qc4 Kg7 30. a4 Qd7 31. bxc6 bxc6 32. a5 Nfg5 33. a6 Nf4 34. Qf1 Nd3 35. Qd1 Ne6 36. Kf1 Ndxc5 37. Qxd7+ Nxd7 38. Na5 Nb8 39. Ke2 Nc5 40. f3 Kf7 41. Na2 Ncxa6 42. Kd3 Ke6 43. Kc4 Kd6 44. Nb7+ Kc7 0-1

[Event "Pardubice Czech op-B 28th"]
[Site "Pardubice"]
[Date "2017.07.22"]
[Round "2"]
[White "Brigljevic, Milan"]
[Black "Schindler, Tobias"]
[Result "1-0"]
[WhiteElo "2110"]
[BlackElo "1974"]
[PlyCount "99"]
[EventDate "2017.07.21"]
[EventType "swiss"]
[EventRounds "9"]
[EventCountry "CZE"]
[SourceTitle "CBM 179 Extra"]
[Source "ChessBase"]
[SourceDate "2017.08.23"]
[SourceVersion "1"]
[SourceVersionDate "2017.08.23"]
[SourceQuality "1"]

1. Nf3 d5 2. g3 Nf6 3. Bg2 c6 4. 0-0 Bg4 5. Ne5 Bh5 6. h3 Nbd7 7. d4 Nxe5 8. dxe5 Nd7 9. f4 Qb6+ 10. Kh1 e6 11. Nc3 Be7 12. g4 Bg6 13. e4 Bxe4 14. Nxe4 dxe4 15. Bxe4 Rd8 16. Qe2 0-0 17. c3 Qc7 18. Be3 Bc5 19. Rad1 Bxe3 20. Qxe3 Qb6 21. Qe2 Nc5 22. Bc2 Rd5 23. b4 Na6 24. Bb3 Rdd8 25. f5 c5 26. fxe6 fxe6 27. Rxf8+ Kxf8 28. Rxd8+ Qxd8 29. Qf3+ Ke8 30. Qxb7 Nc7 31. Qc6+ Kf7 32. Qxc5 Qd3 33. Qxc7+ Kg6 34. Qc4 Qxh3+ 35. Kg1 Qg3+ 36. Kf1 Qf3+ 37. Ke1 Qh1+ 38. Kd2 Qh2+ 39. Qe2 Qf4+ 40. Kc2 Kf7 41. Bc4 Ke7 42. Bd3 a5 43. Qe4 Qh2+ 44. Kb3 axb4 45. Qb7+ Kf8 46. Qxb4+ Kf7 47. Qb7+ Kf8 48. Qc8+ Ke7 49. Qc7+ Kf8 50. Qd8+ 1-0

[Event "CRO-chT2 Center"]
[Site "Croatia"]
[Date "2015.04.26"]
[Round "5.22"]
[White "Ivekovic, Bozidar1111"]
[Black "Brigljevic, Milan"]
[Result "1/2-1/2"]
[WhiteElo "2300"]
[BlackElo "2169"]
[PlyCount "77"]
[EventDate "2015.03.22"]
[EventType "team-tourn"]
[EventRounds "11"]
[EventCountry "CRO"]
[SourceTitle "EXT 2016"]
[Source "ChessBase"]
[SourceDate "2015.10.08"]
[SourceVersion "1"]
[SourceVersionDate "2015.10.08"]
[SourceQuality "1"]

1. d4 Nf6 2. c4 g6 3. Nc3 Bg7 4. Nf3 0-0 5. Bg5 h6 6. Bh4 c5 7. e3 d6 8. Be2 cxd4 9. Nxd4 Nc6 10. 0-0 a6 11. Nc2 Be6 12. Nd5 g5 13. Bg3 Ne4 14. Rb1 Rc8 15. Bd3 Nxg3 16. hxg3 Ne5 17. b3 Bxd5 18. cxd5 Nxd3 19. Qxd3 Qa5 20. a4 Rc3 21. Qe4 Be5 22. Nd4 Qb4 23. g4 Rfc8 24. Rfd1 Bxd4 25. Rxd4 Rc1+ 26. Rxc1 Rxc1+ 27. Kh2 Qe1 28. Kg3 Qh1 29. Rc4 Rxc4 30. Qxc4 Qh4+ 31. Kf3 h5 32. gxh5 Qxh5+ 33. Qg4 Qg6 34. Qc8+ Kg7 35. Qxb7 Qf5+ 36. Kg3 Qe5+ 37. Kh3 Qf5+ 38. Kh2 Qxf2 39. Qxe7 1/2-1/2

[Event "Zadar op-A 21th"]
[Site "Zadar"]
[Date "2014.12.19"]
[Round "8"]
[White "Brigljevic, Milan"]
[Black "Fercec, Nenad"]
[Result "1-0"]
[WhiteElo "2206"]
[BlackElo "2480"]
[PlyCount "35"]
[EventDate "2014.12.14"]
[EventType "swiss"]
[EventRounds "9"]
[EventCountry "CRO"]
[SourceTitle "EXT 2016"]
[Source "ChessBase"]
[SourceDate "2015.10.08"]
[SourceVersion "1"]
[SourceVersionDate "2015.10.08"]
[SourceQuality "1"]

1. e4 c5 2. Nf3 d6 3. Bb5+ Bd7 4. Bxd7+ Nxd7 5. 0-0 Ngf6 6. Re1 e6 7. b3 d5 8. exd5 Nxd5 9. Bb2 N7f6 10. Nc3 Be7 11. Nxd5 Qxd5 12. d4 c4 13. Ne5 b5 14. a4 cxb3 15. axb5 bxc2 16. Qd3 0-0 17. Nc6 Bd6 18. Re5 1-0

[Event "Zadar op-A 21th"]
[Site "Zadar"]
[Date "2014.12.17"]
[Round "6"]
[White "Piskur, Mitja"]
[Black "Brigljevic, Milan"]
[Result "1-0"]
[WhiteElo "2295"]
[BlackElo "2206"]
[PlyCount "63"]
[EventDate "2014.12.14"]
[EventType "swiss"]
[EventRounds "9"]
[EventCountry "CRO"]
[SourceTitle "EXT 2016"]
[Source "ChessBase"]
[SourceDate "2015.10.08"]
[SourceVersion "1"]
[SourceVersionDate "2015.10.08"]
[SourceQuality "1"]

1. Nf3 Nf6 2. g3 g6 3. Bg2 Bg7 4. 0-0 0-0 5. d3 c5 6. e4 d6 7. Nbd2 Nc6 8. Re1 e5 9. a4 Rb8 10. Nc4 b6 11. c3 Be6 12. Ng5 Bg4 13. f3 Bc8 14. f4 h6 15. Nf3 Re8 16. Rf1 Ba6 17. f5 d5 18. exd5 Nxd5 19. fxg6 fxg6 20. Nh4 Nce7 21. a5 b5 22. Ne3 Nf6 23. Ng4 Nxg4 24. Qxg4 Bc8 25. Qe2 g5 26. Nf3 b4 27. Nd2 bxc3 28. bxc3 Nd5 29. Ne4 Nxc3 30. Nxc3 e4 31. Nxe4 Bxa1 32. Qa2+ 1-0

[Event "CRO-chT2 Center 23rd"]
[Site "Grubisno Polje"]
[Date "2014.10.26"]
[Round "11.1"]
[White "Mihalincic, Tomislav"]
[Black "Brigljevic, Milan"]
[Result "1/2-1/2"]
[WhiteElo "2289"]
[BlackElo "2207"]
[PlyCount "63"]
[EventDate "2014.03.02"]
[EventType "team-match"]
[EventRounds "11"]
[EventCountry "CRO"]
[SourceTitle "EXT 2016"]
[Source "ChessBase"]
[SourceDate "2015.10.08"]
[SourceVersion "1"]
[SourceVersionDate "2015.10.08"]
[SourceQuality "1"]

1. e4 e6 2. d4 d5 3. Nd2 a6 4. Ngf3 Nf6 5. Bd3 c5 6. exd5 Qxd5 7. 0-0 cxd4 8. Nb3 Nc6 9. Nbxd4 Nxd4 10. Nxd4 Bd7 11. Be3 Bc5 12. c4 Qd6 13. Bc2 Rd8 14. Nf3 Qxd1 15. Raxd1 Bxe3 16. fxe3 Ng4 17. Rd3 Ke7 18. h3 Nf6 19. Ne5 Bc8 20. Rd4 Rhf8 21. Rfd1 Nd7 22. Nf3 h6 23. b4 Nb6 24. Bb3 Rxd4 25. exd4 Rd8 26. Kf2 Bd7 27. Ne5 Ba4 28. Rd3 Bxb3 29. axb3 Nd7 30. Nf3 Nb8 31. Ne1 Nc6 32. Nc2 1/2-1/2

[Event "Zadar op-A 20th"]
[Site "Zadar"]
[Date "2013.12.21"]
[Round "9"]
[White "Brigljevic, Milan"]
[Black "Zelic, Mladen"]
[Result "1/2-1/2"]
[WhiteElo "2218"]
[BlackElo "2307"]
[PlyCount "89"]
[EventDate "2013.12.15"]
[EventType "swiss"]
[EventRounds "9"]
[EventCountry "CRO"]
[SourceTitle "CBM 158 Extra"]
[Source "ChessBase"]
[SourceDate "2014.02.28"]
[SourceVersion "1"]
[SourceVersionDate "2014.02.28"]
[SourceQuality "1"]

1. d4 f5 2. Nc3 d5 3. f3 Nf6 4. Bg5 e6 5. e4 dxe4 6. fxe4 fxe4 7. Nxe4 Be7 8. Nxf6+ Bxf6 9. Bxf6 Qxf6 10. Nf3 Nc6 11. Bb5 0-0 12. 0-0 Bd7 13. c3 Qh6 14. Qe2 Rf6 15. Bxc6 Bxc6 16. Ne5 Raf8 17. Rxf6 Rxf6 18. Ng4 Qg5 19. Nxf6+ Qxf6 20. Re1 Bd5 21. Rf1 Qg6 22. c4 Bc6 23. Re1 Kh8 24. d5 exd5 25. Qe7 h6 26. Qd8+ Kh7 27. cxd5 Qd3 28. Qxc7 Qxd5 29. Qg3 Qxa2 30. Qd3+ Kg8 31. Qd4 a6 32. h4 Qf7 33. Qe5 Qf8 34. Re3 Kh7 35. Rg3 Qf7 36. Kh2 Qd7 37. h5 Qf7 38. Rg6 Qd7 39. Re6 Qd2 40. Rg6 Qd7 41. Qf4 Qd5 42. Qg4 Qe5+ 43. Kg1 Qe1+ 44. Kh2 Qe5+ 45. Kg1 1/2-1/2